000 01169cam a2200325 i 4500
001 768714001
003 CO-MdFUSB
005 20210531173548.0
007 ta
008 760323t1950 pau 000 0 eng d
020 _a087508236x
040 _aIMC
_cCO-MdFUSB
_dFYB
_bspa
_erda
041 _aeng
082 _223
_a248.4
_bH587
100 1 _aHession, Roy.
_eautor
245 1 4 _aThe Calvary road
_c/ Roy Hession , Revel Hession.
264 1 _aFort Washington, Pa. :
_bChristian Literature Crusade,
_c[1950]
264 4 _c© 1950
300 _a74 páginas. ;
_c19 cm.
336 _2rdacontent
_atexto
_btxt
337 _2rdamedia
_asin mediación
_bn
338 _2rdacarrier
_avolumen
_bnc
505 _aQuebrantamiento. -- Copas corriendo. -- El camino de la comunión. -- La carretera de la santidad. -- La paloma y el cordero - El avivamiento en el hogar. -- La mota y la viga. -- ¿Estás dispuesto a ser un sirviente? -- El poder y la sangre del cordero - ¿Protestando nuestra inocencia?
563 _aRústico
650 0 _919
_aVida cristiana
700 1 _aHession, Revel.
_eautor
942 _cBK
945 _aJTF-925
999 _c66366
_d66366